000 00865nam a2200253Ia 4500
003 OSt
005 20220926002913.0
006 a|||||r|||| 00| 0
007 ta
008 220923b |||||||| |||| 00| 0 eng d
020 _a9788125062394
_c1095.00
037 _bRKBA\09-10\5817, 12/01/2018, RAJKIRAN BOOK AGENCY
_cGeneral Book
040 _aRTL
_cRTL
_beng
041 _2eng
_aeng
082 _aY15:3(T), Q6
100 _aCHAKRAVARTI Uma
245 0 _aThinking gender doing gender
_b Feminist scholarship and practice today
260 _a New Delhi
_bOrient Blackswan
_c2016
300 _axxxi,330p
_ccm.
490 _aRoutledge Studies in Human Geography
500 _aBibliography chapterwise
942 _hY15:3(T), Q6
_cGB
_2CC
999 _c606390
_d606390